Estructuras matemáticas finitas

Guardat en:
Dades bibliogràfiques
Autors principals: Kemeny, John G (Autor), Snell, J. Laurie (Autor), Thompson, Gerald L (Autor)
Altres autors: Mirkil, Hazleton (autor)
Format: Llibre
Idioma:espanyol
Publicat: Buenos Aires EUDEBA 1970
Col·lecció:Manuales de Eudeba. Matemáticas
Matèries:
Etiquetes: Afegir etiqueta
Sense etiquetes, Sigues el primer a etiquetar aquest registre!

MARC

LEADER 00000nam a2200000 a 4500
001 UCU2580
003 CL-VaPUC
008 960426e19700000AG |||||||||||||||||spa|d
082 0 4 |a 510  |b KEM  |2 21 
100 |a Kemeny, John G  |e author  |9 424820 
700 |a Mirkil, Hazleton  |e autor  |9 431112 
700 0 |a Snell, J. Laurie  |e author  |9 358871 
700 0 |a Thompson, Gerald L  |e author  |9 358872 
245 1 0 |a Estructuras matemáticas finitas 
300 |a 561 p 
942 |c BK 
945 |d 19960426 00:00:00  |a cmena 
260 |a Buenos Aires  |b EUDEBA  |c 1970 
650 0 |a Matemática  |9 260235 
650 0 |a Lógica matemática   |9 262442 
650 0 |a Funciones (Matemáticas)  |9 338128 
650 0 |a Teoría de números  |9 265327 
650 0 |a Álgebra lineal   |9 260445 
583 |a last modification  |c 19960426 00:00:00  |k Rodrigo Vera 
490 0 |a Manuales de Eudeba. Matemáticas 
999 |c 246838  |d 246836 
952 |0 0  |1 0  |4 0  |6 510_000000000000000_KEM_1970  |7 0  |8 A  |9 262126  |a BIBING  |b BIBING  |d 2019-11-19  |i 1647369  |o 510 KEM 1970  |p 1647369  |r 2025-01-20  |w 2019-11-19  |y BK  |k ING 
952 |0 0  |1 0  |4 0  |6 510_000000000000000_KEM_1970  |7 0  |8 A  |9 262127  |a BIBMAT  |b BIBMAT  |d 2019-11-19  |i 3059014  |o 510 KEM 1970  |p 3059014  |r 2025-01-07  |w 2019-11-19  |y BK  |k MAT 
952 |0 0  |1 0  |4 0  |6 510_000000000000000_KEM_1970  |7 0  |8 A  |9 262128  |a BIBMAT  |b BIBMAT  |d 2019-11-19  |i 1491083  |o 510 KEM 1970  |p 1491083  |r 2025-01-07  |w 2019-11-19  |y BK  |k MAT